| 000 | 01045nam a2200325 a 4500 | ||
|---|---|---|---|
| 001 | vtls000106134 | ||
| 003 | NLI | ||
| 005 | 20210601202518.0 | ||
| 008 | 101125s1976 coubd 000 0 eng | ||
| 020 |
_a0891580701 : _cPND 15.50 |
||
| 039 | 9 |
_y201011251159 _zVLOAD |
|
| 040 |
_aNLI _beng _cDataSoft _eAACR2 |
||
| 041 | 1 |
_aeng _hhun |
|
| 044 | _acou | ||
| 082 | 0 | 4 | _a330.94391 |
| 100 | 1 |
_aEnyedi, Gyongy _9223779 |
|
| 245 | 1 | 0 |
_aHungary : _ban economic geography / _cGyongy Enyedi ; translated from the Hungarian by Elex Helvei |
| 250 | _aRev. ed. | ||
| 260 |
_aBoulder : _bWestview Press, _c1976 |
||
| 300 |
_axi, 287 p. : _bmaps, charts ; _c24 cm. |
||
| 440 | 0 |
_aWestview special studies on contemporary Eastern Europe _9223780 |
|
| 650 | 0 |
_aEconomic geography _9144403 |
|
| 651 | 0 |
_aHungary _xEconomic conditions _9214041 |
|
| 700 | 1 |
_aHelvei, Elex, _4trl _9223781 |
|
| 887 | _a | ||
| 901 |
_a441028 _b01.02.1978 |
||
| 902 | _aE330.94391 En96 | ||
| 949 |
_AVIRTUAITEM _D10000 _X100 _6PUR000441028ENG |
||
| 942 |
_2ddc _cBKS |
||
| 999 |
_aVIRTUA00 _c111237 _d111237 |
||